[Event "Hamar CC-ch"]
[Site "Hamar"]
[Date "2020.01.02"]
[Round "1"]
[White "Storli, Frode"]
[Black "Madagov, Lom"]
[Result "1/2-1/2"]
[WhiteElo "1570"]
[BlackElo "2022"]
[PlyCount "117"]
[EventDate "2020.01.02"]
[EventType "swiss"]
[EventRounds "5"]
[EventCountry "NOR"]
[SourceTitle "EXT 2024"]
[Source "ChessBase"]
[SourceDate "2023.10.10"]
[SourceVersion "1"]
[SourceVersionDate "2023.10.10"]
[SourceQuality "1"]

1. d4 c5 2. dxc5 Na6 3. Nc3 Nxc5 4. e3 Nf6 5. b4 Ne6 6. Bb2 g6 7. Nf3 Bg7 8. Bc4 0-0 9. 0-0 d6 10. Rb1 Bd7 11. Nd5 Nxd5 12. Bxd5 Bxb2 13. Rxb2 Qc7 14. c4 Rab8 15. Qd2 Ng7 16. Rc1 Rfd8 17. Rbc2 Bf5 18. e4 Bg4 19. Bxf7+ Kxf7 20. Qf4+ Bf5 21. exf5 gxf5 22. Qh6 Rg8 23. Ng5+ Ke8 24. Re2 e5 25. Qxh7 Kd7 26. c5 Rbd8 27. Rd2 d5 28. Rxd5+ Kc8 29. Rcd1 Rge8 30. h3 Qe7 31. Rxd8+ Rxd8 32. Rxd8+ Kxd8 33. Qg8+ Kc7 34. Nf3 e4 35. Nd4 e3 36. Nb5+ Kd7 37. Qd5+ Ke8 38. Nd6+ Kf8 39. fxe3 Qxe3+ 40. Kh1 Qc1+ 41. Kh2 Qf4+ 42. g3 Qf2+ 43. Qg2 Qd4 44. a3 f4 45. gxf4 Qxf4+ 46. Kg1 Kg8 47. Qa2+ Kh8 48. Nf7+ Kh7 49. Qc2+ Kg8 50. Nd6 Qg3+ 51. Qg2 Qe3+ 52. Kh2 Qf4+ 53. Kh1 Qc1+ 54. Qg1 Qxa3 55. Qg4 Qc1+ 56. Kg2 Qd2+ 57. Kg3 Qe1+ 58. Kg2 Qd2+ 59. Kg1 1/2-1/2

[Event "Hamar Ridabu School A"]
[Site "Hamar"]
[Date "2019.09.19"]
[Round "2"]
[White "Storli, Frode"]
[Black "Kristiansen, Ole Jakob"]
[Result "0-1"]
[WhiteElo "1577"]
[BlackElo "1917"]
[PlyCount "44"]
[EventDate "2019.09.05"]
[EventType "swiss"]
[EventRounds "7"]
[EventCountry "NOR"]
[SourceTitle "EXT 2024"]
[Source "ChessBase"]
[SourceDate "2023.10.10"]
[SourceVersion "1"]
[SourceVersionDate "2023.10.10"]
[SourceQuality "1"]

1. d4 Nf6 2. Bf4 c5 3. e3 Qb6 4. Nc3 a6 5. Na4 Qa5+ 6. c3 cxd4 7. exd4 d6 8. b4 Qc7 9. Rc1 e5 10. dxe5 dxe5 11. Qe2 Bd6 12. Bg5 Nbd7 13. Nb2 b5 14. Nf3 0-0 15. a3 e4 16. Nd4 h6 17. Be3 Ne5 18. c4 bxc4 19. Qd2 Nfg4 20. Nxc4 Nxc4 21. Bxc4 Nxe3 22. Qxe3 Bf4 0-1

[Event "NOR-ch Class3"]
[Site "Larvik"]
[Date "2019.07.05"]
[Round "1"]
[White "Storli, Frode"]
[Black "Ringstad, Age"]
[Result "1/2-1/2"]
[WhiteElo "1598"]
[BlackElo "1486"]
[PlyCount "103"]
[EventDate "2019.07.05"]
[EventType "swiss"]
[EventRounds "9"]
[EventCountry "NOR"]
[SourceTitle "EXT 2024"]
[Source "ChessBase"]
[SourceDate "2023.10.10"]
[SourceVersion "1"]
[SourceVersionDate "2023.10.10"]
[SourceQuality "1"]

1. d4 d5 2. Bf4 e6 3. e3 Bd6 4. Bg3 Nf6 5. Nf3 Nc6 6. c3 h6 7. Nbd2 Ne4 8. Nxe4 dxe4 9. Nd2 f5 10. Qh5+ Kd7 11. Qg6 Qg5 12. Qxg5 hxg5 13. 0-0-0 a6 14. Bxd6 cxd6 15. Nc4 Kc7 16. d5 Ne5 17. Nxe5 dxe5 18. Bc4 b5 19. Bb3 exd5 20. Bxd5 Ra7 21. h3 Bb7 22. Be6 Bc8 23. Bxc8 Kxc8 24. Rd5 Re8 25. Rhd1 Rc7 26. Kb1 Rc6 27. Rd7 g6 28. R1d6 Re6 29. Rd8+ Kc7 30. R6d7+ Kb6 31. Rb8+ Kc5 32. Kc2 Red6 33. Rxd6 Rxd6 34. Rc8+ Kd5 35. b3 f4 36. c4+ bxc4 37. bxc4+ Ke6 38. Re8+ Kf6 39. Rc8 Ke7 40. Rc5 Re6 41. Rd5 Kf6 42. g4 Ke7 43. c5 Kf6 44. Rd6 Rxd6 45. cxd6 Ke6 46. d7 Kxd7 47. Kc3 Kd6 48. Kc4 Kc6 49. a4 a5 50. Kc3 Kc5 51. Kb3 Kd5 52. Kc3 1/2-1/2

[Event "Hedmark & Oppland Region-ch"]
[Site "Lillehammer"]
[Date "2019.04.28"]
[Round "3"]
[White "Mellem, Nicolas Axel"]
[Black "Storli, Frode"]
[Result "1-0"]
[WhiteElo "2155"]
[BlackElo "1616"]
[PlyCount "53"]
[EventDate "2019.04.27"]
[EventType "swiss"]
[EventRounds "5"]
[EventCountry "NOR"]
[SourceTitle "EXT 2024"]
[Source "ChessBase"]
[SourceDate "2023.10.10"]
[SourceVersion "1"]
[SourceVersionDate "2023.10.10"]
[SourceQuality "1"]

1. d4 Nf6 2. c4 e5 3. dxe5 Ng4 4. e4 Nxe5 5. f4 Bb4+ 6. Nc3 Bxc3+ 7. bxc3 Ng6 8. Nf3 d6 9. f5 Ne5 10. c5 Nxf3+ 11. Qxf3 dxc5 12. Bc4 Qe7 13. 0-0 Nd7 14. Qg3 c6 15. Qxg7 Rf8 16. Bh6 b5 17. Bb3 c4 18. Bc2 Nf6 19. Bg5 Qc5+ 20. Kh1 Ng4 21. Rad1 Bd7 22. Bf4 Nf2+ 23. Rxf2 Qxf2 24. Qe5+ Be6 25. fxe6 f6 26. Qh5+ Ke7 27. Rd7+ 1-0

[Event "Hamar CC-ch A"]
[Site "Hamar"]
[Date "2019.02.28"]
[Round "2"]
[White "Ormasen, Odd Steinar"]
[Black "Storli, Frode"]
[Result "1/2-1/2"]
[WhiteElo "1774"]
[BlackElo "1614"]
[PlyCount "118"]
[EventDate "2019.02.21"]
[EventType "swiss"]
[EventRounds "9"]
[EventCountry "NOR"]
[SourceTitle "EXT 2024"]
[Source "ChessBase"]
[SourceDate "2023.10.10"]
[SourceVersion "1"]
[SourceVersionDate "2023.10.10"]
[SourceQuality "1"]

1. d4 Nf6 2. c4 e5 3. dxe5 Ng4 4. Nc3 Bb4 5. Qd4 Bxc3+ 6. Qxc3 Qe7 7. Bf4 Nc6 8. Nf3 f6 9. exf6 Nxf6 10. e3 Ne4 11. Qc2 Rf8 12. Bg3 Nb4 13. Qb3 Nc5 14. Qc3 Ne4 15. Qb3 Nc5 16. Qc3 Ne4 17. Qc1 Nc5 18. Qb1 d6 19. Nd4 Ne4 20. a3 Nc6 21. Nxc6 bxc6 22. Bd3 Bf5 23. 0-0 Nd2 24. Qc2 Bxd3 25. Qxd3 Nxf1 26. Kxf1 g6 27. e4 Rf7 28. Re1 Kf8 29. Qd4 Qf6 30. e5 dxe5 31. Bxe5 Qf5 32. Bxc7 Kg8 33. Bg3 Qd7 34. Qe4 Rd8 35. c5 Qd3+ 36. Qxd3 Rxd3 37. Re6 Rd1+ 38. Ke2 Rd5 39. b4 a5 40. Ke3 axb4 41. axb4 Rb7 42. Rxc6 Rxb4 43. Rb6 Rxb6 44. cxb6 Rb5 45. Bc7 Kf7 46. Kd4 Ke6 47. Kc4 Rb1 48. h4 Kd7 49. Kc5 Kc8 50. Kc6 Rc1+ 51. Kd5 Rc2 52. Bg3 Kb7 53. Ke6 Kxb6 54. Kf7 Rc6 55. Kg7 h5 56. Kh6 Kc5 57. Bf4 Re6 58. Kg5 Kc6 59. g3 Kd5 1/2-1/2

[Event "Hamar op A"]
[Site "Hamar"]
[Date "2018.12.06"]
[Round "7"]
[White "Kristiansen, Ole Jakob"]
[Black "Storli, Frode"]
[Result "0-1"]
[WhiteElo "1977"]
[BlackElo "1564"]
[PlyCount "66"]
[EventDate "2018.09.06"]
[EventType "swiss"]
[EventRounds "7"]
[EventCountry "NOR"]
[SourceTitle "EXT 2024"]
[Source "ChessBase"]
[SourceDate "2023.10.10"]
[SourceVersion "1"]
[SourceVersionDate "2023.10.10"]
[SourceQuality "1"]

1. c4 e5 2. Nc3 Bb4 3. Nd5 Bc5 4. e3 Nf6 5. b4 Be7 6. Bb2 Nxd5 7. cxd5 d6 8. Qc2 Nd7 9. Rc1 Nb6 10. e4 0-0 11. Qxc7 f5 12. Qxd8 Bxd8 13. d3 Bd7 14. Ne2 a5 15. Ba3 Bg5 16. Ra1 fxe4 17. dxe4 Nc4 18. Bc1 Bd8 19. b5 a4 20. f3 Ba5+ 21. Kf2 Bb6+ 22. Kg3 Ne3 23. Rb1 Nd1 24. h3 Nf2 25. Rg1 Nd3 26. Ba3 Rf6 27. Rh1 Rg6+ 28. Kh2 Nf2 29. Rg1 Rf8 30. Nc3 Nxh3 31. gxh3 Bxg1+ 32. Kh1 Rxf3 33. Be2 Rxh3# 0-1

[Event "Hamar op A"]
[Site "Hamar"]
[Date "2018.09.20"]
[Round "2"]
[White "Storli, Frode"]
[Black "Madagov, Lom"]
[Result "0-1"]
[WhiteElo "1564"]
[BlackElo "2052"]
[PlyCount "98"]
[EventDate "2018.09.06"]
[EventType "swiss"]
[EventRounds "7"]
[EventCountry "NOR"]
[SourceTitle "EXT 2024"]
[Source "ChessBase"]
[SourceDate "2023.10.10"]
[SourceVersion "1"]
[SourceVersionDate "2023.10.10"]
[SourceQuality "1"]

1. d4 c5 2. e3 Nf6 3. c3 cxd4 4. exd4 g6 5. Nf3 Bg7 6. Bd3 0-0 7. 0-0 Nc6 8. h3 d6 9. Bf4 a6 10. Re1 Bd7 11. Nbd2 Qc8 12. Ne4 Nd5 13. Bg3 b5 14. a4 bxa4 15. Rxa4 Nb6 16. Ra1 Be6 17. Qe2 a5 18. Bh4 h6 19. Bb5 Ra7 20. g4 Nd5 21. Bg3 Nb6 22. Nh4 Bd5 23. Bd3 Qd7 24. Ng2 e5 25. dxe5 dxe5 26. Ne3 Be6 27. Bb5 Qc7 28. Nc5 Bc8 29. Red1 Ne7 30. Ne4 Bb7 31. Nd6 Ba8 32. Nec4 f6 33. Nxb6 Qxb6 34. Bc4+ Kh7 35. Ne4 Qc6 36. f3 f5 37. Rd6 Qc7 38. gxf5 Bxe4 39. fxg6+ Bxg6 40. Re6 Nf5 41. Bf2 Rb7 42. Bd3 Qd7 43. Ra6 Ne7 44. Bxg6+ Nxg6 45. Qe4 Rf6 46. R6xa5 Rxb2 47. Rxe5 Rf4 48. Rd5 Qxh3 49. Qe8 Qxf3 0-1

[Event "Hamar CC-ch A"]
[Site "Hamar"]
[Date "2018.03.15"]
[Round "6"]
[White "Brobakken, Vidar"]
[Black "Storli, Frode"]
[Result "0-1"]
[WhiteElo "1351"]
[BlackElo "1564"]
[PlyCount "76"]
[EventDate "2018.01.04"]
[EventType "swiss"]
[EventRounds "9"]
[EventCountry "NOR"]
[SourceTitle "EXT 2024"]
[Source "ChessBase"]
[SourceDate "2023.10.10"]
[SourceVersion "1"]
[SourceVersionDate "2023.10.10"]
[SourceQuality "1"]

1. e4 d6 2. d4 Nf6 3. Nc3 Nbd7 4. Nf3 e5 5. Be2 h6 6. b3 Be7 7. Bb2 c6 8. dxe5 dxe5 9. 0-0 Qc7 10. Na4 b5 11. Nc3 Bc5 12. Bd3 Bb7 13. Ne2 0-0 14. Ng3 Rfe8 15. Nf5 a6 16. Qd2 Bf8 17. N3h4 Rad8 18. Nxh6+ gxh6 19. Nf5 Kh7 20. Bc1 Ng8 21. f4 Ne7 22. Rf3 Nxf5 23. fxe5 Nxe5 24. Rxf5 Ng4 25. Qf4 Qxf4 26. Rxf4 Bc5+ 27. Kf1 Ne5 28. Bb2 Bd4 29. Bxd4 Rxd4 30. Ke2 Re7 31. Raf1 Rdd7 32. Rh4 c5 33. Rf6 Ng6 34. e5 Rxe5+ 35. Kf2 Rg5 36. g3 Kg7 37. Rxg6+ fxg6 38. Rf4 Rf7 0-1

[Event "Hamar CC-ch A"]
[Site "Hamar"]
[Date "2017.03.16"]
[Round "6"]
[White "Kristiansen, Ole Jakob"]
[Black "Storli, Frode"]
[Result "1-0"]
[WhiteElo "1775"]
[BlackElo "1376"]
[PlyCount "89"]
[EventDate "2017.01.05"]
[EventType "swiss"]
[EventRounds "9"]
[EventCountry "NOR"]
[SourceTitle "EXT 2024"]
[Source "ChessBase"]
[SourceDate "2023.10.10"]
[SourceVersion "1"]
[SourceVersionDate "2023.10.10"]
[SourceQuality "1"]

1. c4 Nf6 2. Nc3 g6 3. e4 e5 4. Nf3 d6 5. d4 exd4 6. Nxd4 Bg7 7. Be2 0-0 8. Bg5 Re8 9. 0-0 Nc6 10. Nc2 Be6 11. Ne3 h6 12. Bh4 g5 13. Bg3 Bd7 14. Bd3 Ne5 15. Bc2 a6 16. Ncd5 Nfg4 17. Nxg4 Bxg4 18. f3 Be6 19. b3 Nc6 20. Rc1 Nd4 21. Bb1 c5 22. f4 Bxd5 23. cxd5 f5 24. Re1 gxf4 25. Bxf4 fxe4 26. Bxe4 Qh4 27. Bg3 Qf6 28. Qg4 Nb5 29. Kh1 Qg5 30. Qxg5 hxg5 31. Bg6 Rxe1+ 32. Rxe1 Rf8 33. a4 Nc3 34. Bxd6 Rf6 35. Re8+ Bf8 36. Rxf8+ Rxf8 37. Bxf8 Kxf8 38. Bf5 Ke7 39. Bc8 b6 40. Bxa6 Nxd5 41. g3 Kf6 42. Kg2 Ne3+ 43. Kf3 Nd1 44. Ke4 Nf2+ 45. Kd5 1-0

[Event "Hamar CC-ch A"]
[Site "Hamar"]
[Date "2017.02.16"]
[Round "4"]
[White "Storli, Frode"]
[Black "Opseth, Oliver"]
[Result "0-1"]
[WhiteElo "1376"]
[BlackElo "1516"]
[PlyCount "77"]
[EventDate "2017.01.05"]
[EventType "swiss"]
[EventRounds "9"]
[EventCountry "NOR"]
[SourceTitle "EXT 2024"]
[Source "ChessBase"]
[SourceDate "2023.10.10"]
[SourceVersion "1"]
[SourceVersionDate "2023.10.10"]
[SourceQuality "1"]

1. e4 e5 2. Nf3 Nc6 3. Bb5 a6 4. Ba4 Nf6 5. 0-0 b5 6. Bb3 Bc5 7. d3 d6 8. Nc3 Bg4 9. Be3 Nd4 10. Bxd4 Bxd4 11. Rb1 c6 12. h3 Bh5 13. g4 Bxc3 14. bxc3 Bg6 15. Kg2 Qc8 16. Nh2 d5 17. f3 0-0 18. Qe2 dxe4 19. fxe4 c5 20. c4 b4 21. Ba4 Qb7 22. Nf3 Qe7 23. Qe1 Ne8 24. Qg3 f6 25. Nh4 Bf7 26. Nf5 Qd8 27. g5 Bg6 28. gxf6 gxf6 29. Bc6 Ra7 30. Bd5+ Kh8 31. Qf2 Bxf5 32. Qxf5 Rg7+ 33. Kh2 Rg5 34. Qxg5 fxg5 35. Rxf8+ Kg7 36. Rbf1 g4 37. R1f7+ Kh6 38. Rf5 Qe7 39. R8f7 0-1

[Event "Hamar CC-ch A"]
[Site "Hamar"]
[Date "2017.02.09"]
[Round "3"]
[White "Bjortomt, Erling"]
[Black "Storli, Frode"]
[Result "0-1"]
[WhiteElo "1303"]
[BlackElo "1376"]
[PlyCount "99"]
[EventDate "2017.01.05"]
[EventType "swiss"]
[EventRounds "9"]
[EventCountry "NOR"]
[SourceTitle "EXT 2024"]
[Source "ChessBase"]
[SourceDate "2023.10.10"]
[SourceVersion "1"]
[SourceVersionDate "2023.10.10"]
[SourceQuality "1"]

1. e4 e5 2. Nf3 Nc6 3. Bb5 Nf6 4. Nc3 Bd6 5. 0-0 0-0 6. d3 a6 7. Ba4 b5 8. Bb3 Be7 9. Nd5 d6 10. h3 Na5 11. Nxe7+ Qxe7 12. c3 Nxb3 13. Qxb3 c5 14. Bg5 Be6 15. Qc2 h6 16. Bh4 Kh7 17. d4 cxd4 18. cxd4 Rac8 19. Qb1 Bd7 20. dxe5 dxe5 21. Re1 Bc6 22. Bg3 Nd7 23. b3 f6 24. Nh4 Nc5 25. f3 g6 26. Bf2 Ne6 27. Be3 Nc5 28. b4 Ne6 29. a3 Rfd8 30. Qb3 Be8 31. Red1 Bf7 32. Qb2 Nf4 33. Rxd8 Rxd8 34. Bxf4 exf4 35. Qc3 Bc4 36. Re1 Rd3 37. Qc1 Qe5 38. Qa1 Qxa1 39. Rxa1 Kg7 40. g4 fxg3 41. Kg2 h5 42. Kxg3 Rd2 43. Ng2 g5 44. Ne3 h4+ 45. Kg4 Kg6 46. Rg1 Be6+ 47. Nf5 Rd4 48. f4 Rxe4 49. Kf3 Rxf4+ 50. Ke3 0-1

[Event "Hamar op A"]
[Site "Hamar"]
[Date "2016.11.17"]
[Round "6"]
[White "Ulekleiv, Jan Ivar"]
[Black "Storli, Frode"]
[Result "1-0"]
[WhiteElo "1663"]
[BlackElo "1312"]
[PlyCount "59"]
[EventDate "2016.09.01"]
[EventType "swiss"]
[EventRounds "7"]
[EventCountry "NOR"]
[SourceTitle "EXT 2024"]
[Source "ChessBase"]
[SourceDate "2023.10.10"]
[SourceVersion "1"]
[SourceVersionDate "2023.10.10"]
[SourceQuality "1"]

1. e4 e5 2. Nf3 Nc6 3. Bb5 a6 4. Ba4 Nf6 5. d3 Be7 6. Bxc6 bxc6 7. Nxe5 0-0 8. 0-0 Re8 9. b3 Bb7 10. Bb2 d6 11. Nc4 Rb8 12. Nbd2 Nd7 13. Nf3 Bf6 14. Bxf6 Qxf6 15. Qd2 Nb6 16. Ne3 c5 17. c4 g6 18. Ng4 Qg7 19. Qf4 Rf8 20. Nf6+ Kh8 21. h4 h5 22. Ng5 Bc6 23. g4 hxg4 24. Kh2 Nd7 25. Nxg4 Ne5 26. Nxe5 Qxe5 27. Qxe5+ dxe5 28. f4 exf4 29. Rxf4 Kg7 30. Raf1 1-0

[Event "Hamar op A"]
[Site "Hamar"]
[Date "2016.11.03"]
[Round "5"]
[White "Storli, Frode"]
[Black "Holm, Ragnar"]
[Result "0-1"]
[WhiteElo "1312"]
[BlackElo "2041"]
[PlyCount "68"]
[EventDate "2016.09.01"]
[EventType "swiss"]
[EventRounds "7"]
[EventCountry "NOR"]
[SourceTitle "EXT 2024"]
[Source "ChessBase"]
[SourceDate "2023.10.10"]
[SourceVersion "1"]
[SourceVersionDate "2023.10.10"]
[SourceQuality "1"]

1. e4 c5 2. Nf3 g6 3. d4 cxd4 4. Nxd4 Bg7 5. Nc3 Nc6 6. Be3 Nf6 7. Bc4 0-0 8. Bb3 a5 9. a3 Ng4 10. Nxc6 Nxe3 11. Nxd8 Nxd1 12. Nxd1 Rxd8 13. c3 b5 14. 0-0 e6 15. Ne3 Bb7 16. f3 b4 17. axb4 axb4 18. Rxa8 Rxa8 19. cxb4 Bxb2 20. Nc4 Bd4+ 21. Kh1 Ba6 22. Rd1 Bc3 23. Nb6 Rb8 24. Nxd7 Rxb4 25. Nc5 Be2 26. Rc1 Bd4 27. Nxe6 fxe6 28. Bxe6+ Kg7 29. h3 Be5 30. Bd5 Kf6 31. Kg1 Rb2 32. Bg8 h5 33. Bd5 Bd4+ 34. Kh1 Kg5 0-1

[Event "Hamar CC-ch"]
[Site "Hamar"]
[Date "2009.02.19"]
[Round "4"]
[White "Storli, Frode"]
[Black "Wasshaug, Espen"]
[Result "0-1"]
[WhiteElo "1443"]
[BlackElo "1684"]
[PlyCount "54"]
[EventDate "2009.01.08"]
[EventType "swiss"]
[EventRounds "9"]
[EventCountry "NOR"]
[SourceTitle "EXT 2024"]
[Source "ChessBase"]
[SourceDate "2023.10.10"]
[SourceVersion "1"]
[SourceVersionDate "2023.10.10"]
[SourceQuality "1"]

1. c4 d6 2. Nc3 e5 3. g3 Be6 4. d3 Nf6 5. Bg2 Qc8 6. Bg5 Be7 7. Bxf6 Bxf6 8. Nd5 Bd8 9. Qa4+ Bd7 10. Qb3 Na6 11. h4 c6 12. Nc3 Nc5 13. Qc2 a5 14. Qd2 Qc7 15. Nf3 0-0 16. Ng5 f5 17. f4 h6 18. Nb5 cxb5 19. Bd5+ Kh8 20. Nf7+ Kh7 21. Ng5+ hxg5 22. hxg5+ Kg6 23. Bf3 Kf7 24. fxe5 dxe5 25. Rh7 Kg6 26. e3 Bxg5 27. Qh2 Bh6 0-1

[Event "Hamar op"]
[Site "Hamar"]
[Date "2008.12.04"]
[Round "7"]
[White "Hoel, Ole"]
[Black "Storli, Frode"]
[Result "1-0"]
[WhiteElo "1644"]
[BlackElo "1439"]
[PlyCount "67"]
[EventDate "2008.09.04"]
[EventType "swiss"]
[EventRounds "7"]
[EventCountry "NOR"]
[SourceTitle "EXT 2024"]
[Source "ChessBase"]
[SourceDate "2023.10.10"]
[SourceVersion "1"]
[SourceVersionDate "2023.10.10"]
[SourceQuality "1"]

1. d4 d5 2. e4 e6 3. Nc3 Bb4 4. e5 c5 5. Bd2 Ne7 6. Nb5 0-0 7. Bxb4 cxb4 8. Bd3 Nbc6 9. c3 Qa5 10. Ne2 a6 11. Nd6 bxc3 12. bxc3 Kh8 13. 0-0 b5 14. a3 f5 15. exf6 Rxf6 16. Qc1 Qd8 17. Nxc8 Rxc8 18. Qg5 Qf8 19. f4 Nf5 20. Qh5 Rh6 21. Qf3 Na5 22. g4 Nh4 23. Qg3 Nb3 24. Ra2 Nf5 25. gxf5 exf5 26. Qf3 Qf7 27. Rc2 Na5 28. Ng3 Re8 29. Bxf5 Nc4 30. Re2 Rc6 31. Qxd5 Qxd5 32. Rxe8+ Qg8 33. Rxg8+ Kxg8 34. d5 1-0

[Event "Hamar CC-ch"]
[Site "Hamar"]
[Date "2008.05.08"]
[Round "9"]
[White "Storli, Frode"]
[Black "Hoel, Ole"]
[Result "1-0"]
[WhiteElo "1424"]
[BlackElo "1719"]
[PlyCount "75"]
[EventDate "2008.01.03"]
[EventType "swiss"]
[EventRounds "9"]
[EventCountry "NOR"]
[SourceTitle "EXT 2024"]
[Source "ChessBase"]
[SourceDate "2023.10.10"]
[SourceVersion "1"]
[SourceVersionDate "2023.10.10"]
[SourceQuality "1"]

1. e4 c5 2. Nf3 d6 3. d4 cxd4 4. Nxd4 Nf6 5. Nc3 g6 6. Be3 Bg7 7. f3 a6 8. Qd2 Nc6 9. 0-0-0 0-0 10. g4 Bd7 11. Kb1 Rc8 12. h4 h5 13. g5 Ne8 14. Nd5 Ne5 15. Be2 Nc4 16. Bxc4 Rxc4 17. Nb3 b5 18. Bb6 Qb8 19. Nxe7+ Kh7 20. Nd5 Be6 21. Ba5 Bxd5 22. Qxd5 Be5 23. f4 Bxf4 24. Rhf1 Be5 25. Rxf7+ Rxf7 26. Qxf7+ Ng7 27. Nd2 Rc8 28. Rf1 b4 29. Nc4 Qb5 30. b3 Rxc4 31. Qxc4 Qxa5 32. Rf8 d5 33. Qc8 Nf5 34. exf5 Qb6 35. fxg6+ Qxg6 36. Qd7+ Bg7 37. Qf7 a5 38. Qg8# 1-0

[Event "Hamar CC-ch"]
[Site "Hamar"]
[Date "2008.04.03"]
[Round "7"]
[White "Sangen, Kjetil"]
[Black "Storli, Frode"]
[Result "1/2-1/2"]
[WhiteElo "1441"]
[BlackElo "1424"]
[PlyCount "88"]
[EventDate "2008.01.03"]
[EventType "swiss"]
[EventRounds "9"]
[EventCountry "NOR"]
[SourceTitle "EXT 2024"]
[Source "ChessBase"]
[SourceDate "2023.10.10"]
[SourceVersion "1"]
[SourceVersionDate "2023.10.10"]
[SourceQuality "1"]

1. d4 Nf6 2. c4 b6 3. Nc3 e6 4. Bg5 Be7 5. Nf3 Bb7 6. e3 0-0 7. Bd3 h6 8. Bxf6 Bxf6 9. Ne4 Be7 10. Qc2 f5 11. Ned2 Nc6 12. a3 Bf6 13. 0-0 Ne7 14. e4 fxe4 15. Nxe4 Nf5 16. Nxf6+ Qxf6 17. Be4 c6 18. Rad1 d5 19. Bxf5 Qxf5 20. Qxf5 Rxf5 21. c5 bxc5 22. dxc5 e5 23. Rfe1 e4 24. Nd4 Rf6 25. Re3 Raf8 26. Rd2 R8f7 27. h3 Kh7 28. b4 a6 29. a4 Rc7 30. Rc3 Rff7 31. b5 Rfd7 32. bxa6 Bxa6 33. Rb3 Bc4 34. Rb6 Ra7 35. Rxc6 Rxa4 36. Rb6 Ra6 37. Rdb2 Ra1+ 38. Kh2 Ba6 39. c6 Re7 40. Rc2 Bc4 41. Rcb2 Ba6 42. Rb7 Re8 43. Ra7 Ra4 44. Nf5 Kg6 1/2-1/2